000 06665nam0a22005291 4500
001 RU\NLR\BIBL_A\011518868
005 20260408065954.0
035 _a(NLR Aleph) 011518868
090 _a12086891
_c12086891
100 _a20171109j1802 |||y0rusy50 ca
101 0 _arus
102 _aRU
105 _ay n 000yy
200 1 _aУказ его императорскаго величества самодержца всероссийскаго,
_e[О переменах в плане Дерптского университета и об устройстве цензуры и факультетов при оном университете]
_fиз Правительствующаго Сената
210 _a[Б.м.
_dфевр. 1802]
215 _a[2] с.
_d2°
300 _aСенат. указ о рассылке именного указа от 5 янв.1802 г., данного Сенату (ПСЗ. Т.27. 20104)
300 _aВ сенат. указе приведен полный текст именного указа
300 _aВ левом нижнем углу на с.[2]: По 3 му департаменту
304 _aТекст начинается словами: По имянному его императорскаго величества высочайшему указу, данному Сенату в 5 й день сего генваря за собственноручным его величества подписанием, в котором изображено: "Разсмотрев поднесенный нам от Правительствующаго Сената доклад относительно перемене в плане Дерптскаго университета..."
304 _aНазв. указа дано по ПСЗ
305 _aИмеется два изд., отличающихся набором. В данном изд. текст занимает две страницы.
306 _aВ конце текста дата рассылки: Февраля дня 1802 года
316 _aЭкз. РНБ (18.88.1.1-3-27) является частью владельч. конволюта. Припл. к: Указ Придворной канторе!: [О штате по Придворному ведомству]. - [Б.м., 1802]. В правом верхнем углу на с.[1] от руки написан порядковый номер аллигата в конволюте: 27
_5NLR: 18.88.1.1-3-27
316 _aЭкз. РНБ (18.43.1.12-79) является частью владельч. конволюта. Приплетен к: Указ его императорскаго величества самодержца всероссийскаго,: [О наказании крестьянина Чугина, солдата Подпорова и ямщика Малышева за ложный донос и за напрасное утруждение его величества просьбою] / Из Правительствующаго Сената, обьявляется во всенародное известие. - Печатан в Санктпетербурге: При Сенате, 18 мая 1762.
_5NLR: 18.43.1.12-79
482 0 _1001RU\NLR\BIBL_A\011509453
_1RU\NLR\BIBL_A\011509453
_12001#$aУказ Придворной канторе!$e[О штате по Придворному ведомству]
_1210##$a[Б.м.$d1802]
_912037524
_c[Б.м.
_d1802]
_o[О штате по Придворному ведомству]
_p[6], 20 л., V л., [43] с.
_tУказ Придворной канторе!
482 0 _1001RU\NLR\BIBL_A\011509453
_1RU\NLR\BIBL_A\011509453
_12001#$aУказ Придворной канторе!$e[О штате по Придворному ведомству]
_1210##$a[Б.м.$d1802]
_912037524
_c[Б.м.
_d1802]
_o[О штате по Придворному ведомству]
_p[6], 20 л., V л., [43] с.
_tУказ Придворной канторе!
517 1 _aО переменах в плане Дерптского университета и об устройстве цензуры и факультетов при оном университете
517 1 _aПо имянному его императорскаго величества высочайшему указу, данному Сенату в 5 й день сего генваря за собственноручным его величества подписанием, в котором изображено: "Разсмотрев поднесенный нам от Правительствующаго Сената доклад относительно перемене в плане Дерптскаго университета..."
517 1 _aРазсмотрев поднесенный нам от Правительствующаго Сената доклад относительно перемене в плане Дерптскаго университета...
518 1 _aУказ его императорского величества самодержца всероссийского
518 1 _aПо именному его императорского величества высочайшему указу, данному Сенату в 5 й день сего генваря за собственноручным его величества подписанием, в котором изображено: "Рассмотрев поднесенный нам от Правительствующего Сената доклад относительно перемене в плане Дерптского университета..."
518 1 _aРассмотрев поднесенный нам от Правительствующего Сената доклад относительно перемене в плане Дерптского университета...
606 1 _aЗаконодательство
_yРоссия
_z1801 - 1825
_92280395
_3RU\NLR\AUTH\6601594564
686 _aХ2(2)47-3
702 0 _4720
_8rus
_7ca
_aАлександр
_cимператор российский
_dI
_f1777-1825
_3RU\NLR\AUTH\775342
_9115306
710 0 1 _4720
_aРоссия
_bИмператор
_c1801-1825; Александр I
_3RU\NLR\AUTH\8810042745
_9584940
711 0 1 _4570
_aРоссия
_bСенат
_3RU\NLR\AUTH\889948534
_9392688
712 0 2 _aЮрьевский университет
_3RU\NLR\AUTH\887989
_9288256
852 _aNLR
_j18.88.1.1-3-27
852 _aNLR
_j18.43.1.12-79
942 _cBOOK
980 _aNB
980 _aA1XVIIIv
980 _aA1UKAZ